| 000 | 00481nam a22001695i 4500 | ||
|---|---|---|---|
| 001 | 53013 | ||
| 003 | ES-MaACL | ||
| 005 | 20230906162705.0 | ||
| 007 | t| | ||
| 008 | 950908s1887 fr ||||1| fre d | ||
| 040 |
_aCAM _bspa _cCAM |
||
| 100 | 1 |
_aDraper, John William. _945590 |
|
| 245 | 1 | 0 |
_aHistoire du developpement intellectuel de l'Europe / _cJ.W. Draper. |
| 260 |
_aParis : _bC. Marpou et E. Flammarion, _c1887. |
||
| 300 |
_a3 v. ; _c19 cm. |
||
| 852 |
_aES-MaACL _jG-7733-5 |
||
| 999 |
_c53013 _d53013 |
||